000
00298nam a2200121Ia 4500
008
190216s9999||||xx |||||||||||||| ||und||
100
_a
Narayana Reddy P Dr
245
0
_a
Elements Of Electrical Networks
260
_b
Khanna Publishers
_c
1981
300
_a
576 p
650
_a
Physics
942
_c
BK
999
_c
32994
_d
32994